000 00306nam a22000977a 4500
999 _c11104
_d11104
008 180831b ||||| |||| 00| 0 eg d
020 _a978155141779
100 _aLivingston, David
_96871
245 _aDavid Livingston and the Victorian Encounter with Africa
260 _aLondon
_bNational Portrait Gallery
_c1996